• AIU
  • Tony Wilmot Memorial Library

The Sudanese woman / (Record no. 63697)

MARC details
000 -LEADER
fixed length control field 00908nam a2200277 a 4500
001 - CONTROL NUMBER
control field 4359283
005 - DATE AND TIME OF LATEST TRANSACTION
control field 20170619150139.0
008 - FIXED-LENGTH DATA ELEMENTS--GENERAL INFORMATION
fixed length control field 890615s1987 sj bs 000 0 eng
010 ## - LIBRARY OF CONGRESS CONTROL NUMBER
LC control number 89980213
020 ## - INTERNATIONAL STANDARD BOOK NUMBER
International Standard Book Number 0863721044
040 ## - CATALOGING SOURCE
Original cataloging agency DLC
Transcribing agency DLC
Modifying agency DLC
043 ## - GEOGRAPHIC AREA CODE
Geographic area code f-sj---
050 00 - LIBRARY OF CONGRESS CALL NUMBER
Classification number HQ1793.5
Item number .S95 1987
082 00 - DEWEY DECIMAL CLASSIFICATION NUMBER
Classification number 305.42/09624
Edition number 20
245 04 - TITLE STATEMENT
Title The Sudanese woman /
Statement of responsibility, etc edited by Susan Kenyon.
260 ## - PUBLICATION, DISTRIBUTION, ETC. (IMPRINT)
Place of publication, distribution, etc [Khartoum, Sudan] :
Name of publisher, distributor, etc Graduate College, University of Khartoum,
Date of publication, distribution, etc 1987.
300 ## - PHYSICAL DESCRIPTION
Extent 185 p. ;
Dimensions 22 cm.
490 1# - SERIES STATEMENT
Series statement Graduate College publications ;
Volume number/sequential designation no. 19
650 #0 - SUBJECT ADDED ENTRY--TOPICAL TERM
Topical term or geographic name as entry element Women
Geographic subdivision Sudan.
651 #0 - SUBJECT ADDED ENTRY--GEOGRAPHIC NAME
Geographic name Sudan
General subdivision Social conditions.
700 1# - ADDED ENTRY--PERSONAL NAME
Personal name Kenyon, Susan M.
830 #0 - SERIES ADDED ENTRY--UNIFORM TITLE
Uniform title Graduate College publications ;
Volume number/sequential designation monograph 19.
906 ## - LOCAL DATA ELEMENT F, LDF (RLIN)
a 7
b cbc
c orignew
d 3
e ncip
f 19
g y-gencatlg
942 ## - ADDED ENTRY ELEMENTS (KOHA)
Source of classification or shelving scheme
Holdings
Withdrawn status Lost status Source of classification or shelving scheme Damaged status Not for loan Collection code Home library Current library Shelving location Date acquired Source of acquisition Cost, normal purchase price Total Checkouts Full call number Barcode Date last seen Copy number Price effective from Koha item type
    Library of Congress Classification     Special Collection AIU/NEGST - Tony Wilmot Memorial Library AIU/NEGST - Tony Wilmot Memorial Library Special Collection 06/21/2016 Donation- SIL Sudan 10.00   S HQ1793.5.S95 1987 R38789L3232 09/26/2019 1 07/26/2018 Special Collection